| Tag |
First Indicator |
Second Indicator |
Subfields |
| LEADER |
00000cam a2200000Ia 4500 |
| 001 |
in00002785583 |
| 006 |
m o d |
| 007 |
cr cn||||||||| |
| 008 |
120222s2012 tnu ob 001 0 eng d |
| 005 |
20250816204400.5 |
| 010 |
|
|
|z 2012005294
|
| 020 |
|
|
|z 1572338687 (hardcover)
|
| 020 |
|
|
|z 9781572338685 (hardcover)
|
| 020 |
|
|
|z 9781572339262 (ebook)
|
| 035 |
|
|
|a (CaPaEBR)ebr10613386
|
| 040 |
|
|
|a CaPaEBR
|c CaPaEBR
|d UtOrBLW
|
| 050 |
1 |
4 |
|a PR9340.A53
|b T43 2012eb
|
| 082 |
0 |
4 |
|a 820.9/9607
|2 23
|
| 245 |
0 |
0 |
|a Teaching Olaudah Equiano's narrative :
|b pedagogical strategies and new perspectives /
|c edited by Eric D. Lamore ; foreword by Vincent Carretta.
|
| 264 |
|
1 |
|a Knoxville :
|b University of Tennessee Press,
|c [2012]
|
| 264 |
|
4 |
|c ©2012
|
| 300 |
|
|
|a 1 online resource (xxix, 328 pages)
|
| 336 |
|
|
|a text
|b txt
|2 rdacontent
|
| 337 |
|
|
|a computer
|b c
|2 rdamedia
|
| 338 |
|
|
|a online resource
|b cr
|2 rdacarrier
|
| 504 |
|
|
|a Includes bibliographical references and index.
|
| 500 |
|
|
|a Electronic resource.
|
| 600 |
1 |
0 |
|a Equiano, Olaudah,
|d 1745-1797.
|t Interesting narrative of the life of Olaudah Equiano.
|
| 650 |
|
0 |
|a African literature (English)
|x Study and teaching.
|
| 650 |
|
0 |
|a Slave narratives
|x History and criticism.
|
| 650 |
|
0 |
|a Slavery in literature.
|
| 655 |
|
7 |
|a Electronic books.
|2 local
|
| 700 |
1 |
|
|a Lamore, Eric D.
|
| 710 |
2 |
|
|a ebrary, Inc.
|
| 856 |
4 |
0 |
|u https://ebookcentral.proquest.com/lib/tamucs/detail.action?docID=1043164
|y Connect to the full text of this electronic book
|t 0
|
| 980 |
|
|
|a 121127
|b 50
|c USD
|e 75
|f YBP_EBR0000047632
|g 1
|
| 999 |
f |
f |
|s ccdd9b92-243c-36d3-bf15-017426eca690
|i e99003cb-ff63-36ff-8115-d9b10a32e1e6
|t 0
|
| 999 |
|
|
|a MARS
|
| 952 |
f |
f |
|a Texas A&M University
|b College Station
|c Electronic Resources
|d Available Online
|t 0
|e PR9340.A53 T43 2012eb
|h Library of Congress classification
|
| 998 |
f |
f |
|a PR9340.A53 T43 2012eb
|t 0
|l Available Online
|